ბათუმის შოთა რუსთაველის სახელმწიფო უნივერსიტეტის ბიბლიოთეკა

ურთიერთშემცვლელობისა და ტექნიკურ გაზომვათა საფუძვლები : სახელმძღვ. / (ბიბ.ჩანაწერი № 38942)

000 -ლიდერი
ფიქსირებული სიგრძის საკონტროლო ველი 01000nam a2200193Ia 4500
001 - საკონტროლო ნომერი
საკონტროლო ველი 5378
003 - საკონტროლო ნომრის იდენტიფიკატორი
საკონტროლო ველი GE_BSU
005 - ბოლო ოპერაციის თარიღი და დრო
საკონტროლო ველი 20190628154109.0
008 - ფიქსირებული სიგრძის მონაცემთა ელემენტები - ზოგადი ინფორმაცია
ფიქსირებული სიგრძის საკონტროლო ველი 181216s1960|||| |||||||||||||| ||geo||
080 ## - უნივერსალური ათობითი კლასიფიკაციის ინდექსი
Universal Decimal Classification number 681.8+62+681+620 ფ-24
100 ## - მთავარი ჩანაწერი - პიროვნების სახელი
Personal name ფაჩულია, ს.
9 (RLIN) 3059
245 ## - ცნობა სათაურის შესახებ
Title ურთიერთშემცვლელობისა და ტექნიკურ გაზომვათა საფუძვლები : სახელმძღვ. /
Statement of responsibility, etc ს. ფაჩულია ; რედ : გ. დ. გოცირიძე.
264 ## - წარმოების, გამოცემის, დისტრიბუციის და სხვა ცნობები
გამოცემის, წარმოების, დისტრიბუციის... ადგილი თბილისი :
გამოცემის, წარმოების, დისტრიბუციის... სახელწოდება ცოდნა,
გამოცემის, წარმოების, დისტრიბუციის... თარიღი 1960.
300 ## - ფიზიკური აღწერა
Extent 291 გვ .:
Other physical details ილ ;
Dimensions 22 სმ.
504 ## - BIBLIOGRAPHY, ETC. NOTE
Bibliography, etc ბიბლიოგრ.:გვ.288
653 ## - INDEX TERM--UNCONTROLLED
Uncontrolled term ურთიერთშემცვლელობისა და ტექნიკურ გაზომვათა საფუძვლები
700 ## - ADDED ENTRY--PERSONAL NAME
Personal name გოცირიძე, გ.დ
Relator term რედაქტორი
9 (RLIN) 3060
942 ## - ADDED ENTRY ELEMENTS (KOHA)
Koha item type წიგნი
Source of classification or shelving scheme
ეგზემპლარები
ჩამოწერის სტატუსი დაკარგული ეგზემპლარის სტატუსი კლასიფიკაციის წყარო ან თაროზე გაწყობის სქემა დაზიანების სტატუსი არ გაიცემა მუდმივი მდებარეობა (დაცვის ადგილი) ამჟამინდელი ადგილსამყოფელი თაროზე განთავსების ადგილი შეძენის თარიღი ღირებულება, შესყიდვის ნორმალური ფასი სრული შენახვის შიფრი შტრიხკოდი ბოლო ოპერაციის თარიღი ეგზემპლარის მიმდევრობითი ნომერი (კეტერი?) ფასის ძალაში შესვლის თარიღი ეგზემპლარის სახეობა საჯარო შენიშვნა
          ტექნოლოგიური ფაკულტეტის ბიბლიოთეკა ტექნოლოგიური ფაკულტეტის ბიბლიოთეკა წიგნსაცავი 2018-12-17 1.00 681.8+62+681+620 ფ-24 11066 2018-12-17 11066 2018-12-17 წიგნი 1 ლ. 32 თ.
          ტექნოლოგიური ფაკულტეტის ბიბლიოთეკა ტექნოლოგიური ფაკულტეტის ბიბლიოთეკა წიგნსაცავი 2018-12-17 1.00 681.8+62+681+620 ფ-24 11067 2018-12-17 11067 2018-12-17 წიგნი 1 ლ. 32 თ.